000 00337nam a22001457a 4500
003 OSt
005 20160727222356.0
008 160622b xxu||||| |||| 00| 0 eng d
040 _cTEST
100 _9525
_aDumas, P
245 _aHe Story of Edward
260 _aN.Y
_b hanover house
_c1976
300 _ahe Story of Edward
942 _2ddc
_cBK
999 _c436
_d436